000 00424nam a2200157 4500
001 138429
003 ES-MaACL
005 20230906195550.0
007 t|
008 070214s1978 xxu r ||||1| spa d
100 1 _aSan Emilio, Oscar de.
_9102234
245 1 0 _aMemorias de Cuba /
_cOscar de San Emilio.
260 _aMiami :
_bEd. Universal,
_c1978.
300 _a133 p. ;
_c21 cm.
852 _aES-MaACL
_jA-8682
_bR.97529
999 _c138429
_d138429